गर्म बर्फ / (Record no. 115730)

MARC details
000 -LEADER
fixed length control field 01123nam a22002897a 4500
003 - CONTROL NUMBER IDENTIFIER
control field dpl
005 - DATE AND TIME OF LATEST TRANSACTION
control field 20190211132346.0
008 - FIXED-LENGTH DATA ELEMENTS--GENERAL INFORMATION
fixed length control field 190211b ||||| |||| 00| 0 eng d
010 ## - LIBRARY OF CONGRESS CONTROL NUMBER
LC control number B-048253
020 ## - INTERNATIONAL STANDARD BOOK NUMBER
Terms of availability 150.00
035 ## - SYSTEM CONTROL NUMBER
System control number B-048253, B-048257
037 ## - SOURCE OF ACQUISITION
Source of stock number/acquisition Cen Lib/Ret
040 ## - CATALOGING SOURCE
Original cataloging agency DPL
Language of cataloging HN
Transcribing agency 0
082 ## - DEWEY DECIMAL CLASSIFICATION NUMBER
Classification number
Item number ठक्कर
100 ## - MAIN ENTRY--PERSONAL NAME
Personal name ठक्कर , अनिल
9 (RLIN) 62946
245 ## - TITLE STATEMENT
Title गर्म बर्फ /
Statement of responsibility, etc अनिल ठक्कर
246 ## - VARYING FORM OF TITLE
Title proper/short title Garm barf
Remainder of title by Anil Thakkar
260 ## - PUBLICATION, DISTRIBUTION, ETC. (IMPRINT)
Place of publication, distribution, etc नई दिल्ली
Name of publisher, distributor, etc मित्तल बुक एजेंसी
Date of publication, distribution, etc 2001
270 ## - ADDRESS
Address 3072/5, गोला मार्किट गोलचा सिनेमा के पीछे दरिया गंज
City नई दिल्ली
Postal code 110002
300 ## - PHYSICAL DESCRIPTION
Extent 112पृष्ठ.
Dimensions 20सेमी(सजिल्द)
500 ## - GENERAL NOTE
General note
650 ## - SUBJECT ADDED ENTRY--TOPICAL TERM
Topical term or geographic name as entry element हिंदी साहित्य
9 (RLIN) 62947
650 ## - SUBJECT ADDED ENTRY--TOPICAL TERM
Topical term or geographic name as entry element हिंदी कहानी
9 (RLIN) 62948
650 ## - SUBJECT ADDED ENTRY--TOPICAL TERM
Topical term or geographic name as entry element hindi literature
9 (RLIN) 62949
650 ## - SUBJECT ADDED ENTRY--TOPICAL TERM
Topical term or geographic name as entry element Hindi Story
9 (RLIN) 43117
942 ## - ADDED ENTRY ELEMENTS (KOHA)
Source of classification or shelving scheme Dewey Decimal Classification
Koha item type Hindi Books
Classification part
Call number suffix ठक्कर
Holdings
Withdrawn status Lost status Damaged status Not for loan Home library Current library Date acquired Source of acquisition Cost, normal purchase price Total Checkouts Full call number Barcode Date last seen Copy number Cost, replacement price Price effective from Koha item type Public note Source of classification or shelving scheme Collection code
Written off       Central Library Central Library 21/08/2015 Cen Lib/Ret 150.00   क ठक्कर B-048253 21/08/2015 1 150.00 21/08/2015 Hindi Books Written off on approval by DLB (By Circulation); dtd 20.12.2022    
        Patel Nagar Patel Nagar 27/10/2018 BPPD/Pub 150.00   क ठक्कर B-048254 27/10/2018   150.00 27/10/2018 Hindi Books   Dewey Decimal Classification Fiction
        Shahdara Branch Shahdara Branch 11/02/2019 BPPD/PUB 150.00   क ठक्कर B-048257 11/02/2019   150.00 11/02/2019 Hindi Books   Dewey Decimal Classification Fiction

© Delhi Public Library
Hit Counter
free hit counter